000
00310cam a22001217a 4500
008
180718b1959 xxu||||| |||| 00| 0 eng d
082
_a
Rx73 V544
100
_a
Velie, Lester
245
_a
Labour U.S.A.
_c
by Lester Velie
260
_a
New York
_b
Harper
_c
1959
300
_a
318p.
650
_a
Labour-United States
999
_c
434031
_d
434031